000
00298nam a22001217a 4500
020
_a
0-13-840034-2
082
_a
629.836 NAR'S
100
_a
ANNASWAMY, A. M , NARENDRA, K. S
_9
66139
245
_a
STABLE ADEPTIVE SYSTEM
260
_a
NEWJERSY
_b
PRENTICE HALL
_c
1989
300
_a
494P
942
_c
BK
999
_c
574156
_d
574156